[Event "Campeonato España Sub 12"]
[Site "Salobreña"]
[Date "2017.07.12"]
[Round "4"]
[White "Roca Planas, Edgar"]
[Black "Puzik, Denys"]
[Result "1-0"]
[Board "20"]
[WhiteClock "1:30"]
[WhiteElo "1578"]
[WhiteCountry "ESP"]
[WhiteFideId "24561290"]
[WhiteEloChange "6"]
[BlackClock "1:30"]
[BlackElo "1435"]
[BlackCountry "ESP"]
[BlackFideId "24523364"]
[BlackEloChange "-6"]

1. e4 {[%clk 1:30:00]} e6 {[%clk 1:30:00]} 2. d3 {[%clk 1:31:00]} d5 {[%clk
1:31:00]} 3. Nd2 {[%clk 1:31:00]} Nf6 {[%clk 1:31:00]} 4. Ngf3 {[%clk 1:31:00]}
Be7 {[%clk 1:30:00]} 5. g3 {[%clk 1:32:00]} c6 {[%clk 1:30:00]} 6. Bg2 {[%clk
1:32:00]} O-O {[%clk 1:31:00]} 7. O-O {[%clk 1:32:00]} Nbd7 {[%clk 1:31:00]} 8.
Re1 {[%clk 1:33:00]} Qc7 {[%clk 1:28:00]} 9. e5 {[%clk 1:20:00]} Ne8 {[%clk
1:27:00]} 10. Nf1 {[%clk 1:18:00]} f6 {[%clk 1:26:00]} 11. Bf4 {[%clk 1:06:00]}
fxe5 {[%clk 1:25:00]} 12. Nxe5 {[%clk 1:06:00]} Nxe5 {[%clk 1:25:00]} 13. Bxe5
{[%clk 1:05:00]} Qb6 {[%clk 1:25:00]} 14. Qd2 {[%clk 0:57:00]} Bf6 {[%clk
1:23:00]} 15. c3 {[%clk 0:55:00]} Bd7 {[%clk 1:18:00]} 16. h4 {[%clk 0:50:00]}
Rf7 {[%clk 1:15:00]} 17. Bh3 {[%clk 0:47:00]} Bxe5 {[%clk 1:14:00]} 18. Rxe5
{[%clk 0:47:00]} Nc7 {[%clk 1:14:00]} 19. Rae1 {[%clk 0:45:00]} Raf8 {[%clk
1:13:00]} 20. R1e2 {[%clk 0:41:00]} Qc5 {[%clk 1:11:00]} 21. d4 {[%clk 0:40:00]}
Qe7 {[%clk 1:10:00]} 22. Nh2 {[%clk 0:38:00]} Rf6 {[%clk 1:09:00]} 23. Qd3 {[%clk
0:33:00]} Qf7 {[%clk 1:09:00]} 24. f4 {[%clk 0:32:00]} Qg6 {[%clk 1:07:00]} 25.
Qxg6 {[%clk 0:27:00]} Rxg6 {[%clk 1:07:00]} 26. Kf2 {[%clk 0:26:00]} Kf7 {[%clk
1:02:00]} 27. Ng4 {[%clk 0:23:00]} Re8 {[%clk 0:58:00]} 28. Kf3 {[%clk 0:20:00]}
Kf8 {[%clk 0:55:00]} 29. Re1 {[%clk 0:19:16]} b6 {[%clk 0:53:00]} 30. Bf1 {[%clk
0:12:50]} Rf6 {[%clk 0:49:00]} 31. Nxf6 {[%clk 0:12:44]} gxf6 {[%clk 0:49:00]}
32. R5e3 {[%clk 0:11:49]} Re7 {[%clk 0:48:00]} 33. f5 {[%clk 0:10:17]} Kf7 {[%clk
0:48:00]} 34. Bd3 {[%clk 0:09:38]} h6 {[%clk 0:48:00]} 35. g4 {[%clk 0:07:59]}
Re8 {[%clk 0:47:00]} 36. fxe6+ {[%clk 0:07:11]} Bxe6 {[%clk 0:47:00]} 37. h5
{[%clk 0:07:15]} Re7 {[%clk 0:46:00]} 38. Bf5 {[%clk 0:07:21]} c5 {[%clk
0:46:00]} 39. a4 {[%clk 0:06:35]} a6 {[%clk 0:46:00]} 40. b4 {[%clk 0:06:28]} b5
{[%clk 0:45:00]} 41. axb5 {[%clk 0:05:04]} cxd4 {[%clk 0:46:00]} 42. Bxe6+ {[%clk
0:03:12]} Nxe6 {[%clk 0:46:00]} 43. Rxe6 {[%clk 0:03:30]} Rxe6 {[%clk 0:45:00]}
44. Rxe6 {[%clk 0:03:55]} Kxe6 {[%clk 0:45:00]} 45. bxa6 {[%clk 0:04:04]} dxc3
{[%clk 0:46:00]} 46. Ke3 {[%clk 0:04:09]} d4+ {[%clk 0:46:00]} 47. Kd3 {[%clk
0:04:30]} f5 {[%clk 0:46:00]} 1-0

[Event "Campeonato España Sub 12"]
[Site "Salobreña"]
[Date "2017.07.12"]
[Round "5"]
[White "Fernandez Lopez, Ruben"]
[Black "Revaliente Montoya, Ciro"]
[Result "0-1"]
[Board "1"]
[WhiteClock "n/a"]
[WhiteElo "1982"]
[WhiteCountry "ESP"]
[WhiteFideId "24518298"]
[WhiteEloChange "-10"]
[BlackClock "n/a"]
[BlackElo "1992"]
[BlackCountry "ESP"]
[BlackFideId "24538442"]
[BlackEloChange "10"]

1. e4 {[%clk 1:30:30]} c5 {[%clk 1:30:30]} 2. Nc3 {[%clk 1:30:30]} a6 {[%clk
1:30:30]} 3. Nf3 {[%clk 1:30:30]} d6 {[%clk 1:30:30]} 4. d4 {[%clk 1:30:30]} cxd4
{[%clk 1:30:30]} 5. Nxd4 {[%clk 1:30:30]} Nf6 {[%clk 1:30:30]} 6. Bg5 {[%clk
1:30:30]} Nbd7 {[%clk 1:30:30]} 7. f4 {[%clk 1:30:30]} Qc7 {[%clk 1:30:30]} 8.
Qf3 {[%clk 1:30:30]} b5 {[%clk 1:30:30]} 9. O-O-O {[%clk 1:30:30]} Bb7 {[%clk
1:30:30]} 10. g4 {[%clk 1:30:30]} b4 {[%clk 1:30:30]} 11. Nd5 {[%clk 1:30:30]}
Nxd5 {[%clk 1:30:30]} 12. exd5 {[%clk 1:30:30]} Qa5 {[%clk 1:30:30]} 13. Nc6
{[%clk 1:30:30]} Qxa2 {[%clk 1:30:30]} 14. Bxe7 {[%clk 1:30:30]} Bxe7 {[%clk
1:30:30]} 15. Re1 {[%clk 1:30:30]} Bxc6 {[%clk 1:30:30]} 16. dxc6 {[%clk
1:30:30]} Nb6 {[%clk 1:30:30]} 17. c7 {[%clk 1:30:30]} Qd5 {[%clk 1:30:30]} 18.
Qxd5 {[%clk 1:30:30]} Nxd5 {[%clk 1:30:30]} 19. Bg2 {[%clk 1:30:30]} Nxc7 {[%clk
1:30:30]} 20. Bxa8 {[%clk 1:30:30]} Nxa8 {[%clk 1:30:30]} 21. Re4 {[%clk
1:30:30]} Kd7 {[%clk 1:30:30]} 22. Rhe1 {[%clk 1:30:30]} Re8 {[%clk 1:30:30]} 23.
Rxb4 {[%clk 1:30:30]} Nc7 {[%clk 1:30:30]} 24. Rd1 {[%clk 1:30:30]} d5 {[%clk
1:30:30]} 25. Ra4 {[%clk 1:30:30]} Bd6 {[%clk 1:30:30]} 26. Rad4 {[%clk 1:30:30]}
Bc5 {[%clk 1:30:30]} 27. R4d3 {[%clk 1:30:30]} Be3+ {[%clk 1:30:30]} 28. Kb1
{[%clk 1:30:30]} Bxf4 {[%clk 1:30:30]} 29. c4 {[%clk 1:30:30]} Re2 {[%clk
1:30:30]} 30. Rf1 {[%clk 1:30:30]} g5 {[%clk 1:30:30]} 31. h4 {[%clk 1:30:30]} h6
{[%clk 1:30:30]} 32. hxg5 {[%clk 1:30:30]} hxg5 {[%clk 1:30:30]} 33. cxd5 {[%clk
1:30:30]} Rg2 {[%clk 1:30:30]} 34. Rh1 {[%clk 1:30:30]} Rxg4 {[%clk 1:30:30]} 35.
Rh7 {[%clk 1:30:30]} Ke7 {[%clk 1:30:30]} 36. Rh6 {[%clk 1:30:30]} f6 {[%clk
1:30:30]} 37. Rh1 {[%clk 1:30:30]} Rg3 {[%clk 1:30:30]} 38. Rd4 {[%clk 1:30:30]}
Be5 {[%clk 1:30:30]} 39. Rc4 {[%clk 1:30:30]} Nxd5 {[%clk 1:30:30]} 40. Rc6
{[%clk 1:30:30]} Nb4 {[%clk 1:30:30]} 41. Rb6 {[%clk 1:30:30]} Rb3 {[%clk
1:30:30]} 42. Rh7+ {[%clk 1:30:30]} Kd8 {[%clk 1:30:30]} 43. Rhb7 {[%clk
1:30:30]} Rxb2+ {[%clk 1:30:30]} 44. Kc1 {[%clk 1:30:30]} Na2+ {[%clk 1:30:30]}
45. Kd1 {[%clk 1:30:30]} Nc3+ {[%clk 1:30:30]} 46. Kc1 {[%clk 1:30:30]} Rxb6
{[%clk 1:30:30]} 47. Rxb6 {[%clk 1:30:30]} a5 {[%clk 1:30:30]} 48. Ra6 {[%clk
1:30:30]} a4 {[%clk 1:30:30]} 49. Kc2 {[%clk 1:30:30]} g4 {[%clk 1:30:30]} 50.
Kd2 {[%clk 1:30:30]} g3 {[%clk 1:30:30]} 51. Ke1 {[%clk 1:30:30]} Ke7 {[%clk
1:30:30]} 52. Kf1 {[%clk 1:30:30]} Bd6 {[%clk 1:30:30]} 53. Rc6 {[%clk 1:30:30]}
a3 {[%clk 1:30:30]} 54. Rxc3 {[%clk 1:30:30]} a2 {[%clk 1:30:30]} 55. Rc1 {[%clk
1:30:30]} Be5 {[%clk 1:30:30]} 56. Kg2 {[%clk 1:30:30]} a1Q {[%clk 1:30:30]} 57.
Rxa1 {[%clk 1:30:30]} Bxa1 {[%clk 1:30:30]} 58. Kf3 {[%clk 1:30:30]} Ke6 {[%clk
1:30:30]} 59. Kg2 {[%clk 1:30:30]} f5 {[%clk 1:30:30]} 60. Kf3 {[%clk 1:30:30]}
f4 {[%clk 1:30:30]} 61. Kg2 {[%clk 1:30:30]} Kf5 {[%clk 1:30:30]} 62. Kf3 {[%clk
1:30:30]} Bb2 {[%clk 1:30:30]} 63. Kg2 {[%clk 1:30:30]} Kg4 {[%clk 1:30:30]} 64.
Kg1 {[%clk 1:30:30]} f3 {[%clk 1:30:30]} 65. Kh1 {[%clk 1:30:30]} g2+ {[%clk
1:30:30]} 66. Kh2 {[%clk 1:30:30]} Be5+ {[%clk 1:30:30]} 67. Kg1 {[%clk 1:30:30]}
Bd4+ {[%clk 1:30:30]} 0-1

[Event "Campeonato España Sub 12"]
[Site "Salobreña"]
[Date "2017.07.12"]
[Round "5"]
[White "Aguado Doncel, Pablo Luis"]
[Black "Garrido Outon, Alex"]
[Result "0-1"]
[Board "2"]
[WhiteClock "1:30"]
[WhiteElo "1766"]
[WhiteCountry "ESP"]
[WhiteFideId "24538256"]
[WhiteEloChange "-3"]
[BlackClock "1:30"]
[BlackElo "2074"]
[BlackCountry "ESP"]
[BlackFideId "24516279"]
[BlackEloChange "3"]

1. d4 {[%clk 1:30:00]} Nf6 {[%clk 1:30:00]} 2. Nf3 {[%clk 1:30:00]} c5 {[%clk
1:30:00]} 3. d5 {[%clk 1:31:00]} e6 {[%clk 1:30:00]} 4. c4 {[%clk 1:31:00]} exd5
{[%clk 1:31:00]} 5. cxd5 {[%clk 1:31:00]} g6 {[%clk 1:30:00]} 6. Nc3 {[%clk
1:31:00]} d6 {[%clk 1:31:00]} 7. Nd2 {[%clk 1:32:00]} Na6 {[%clk 1:19:00]} 8. e4
{[%clk 1:32:00]} Nc7 {[%clk 1:19:00]} 9. a4 {[%clk 1:32:00]} Bg7 {[%clk 1:17:00]}
10. Be2 {[%clk 1:31:00]} O-O {[%clk 1:16:00]} 11. O-O {[%clk 1:30:00]} Qe7 {[%clk
1:12:00]} 12. f3 {[%clk 1:28:00]} Nd7 {[%clk 1:11:00]} 13. Kh1 {[%clk 1:24:00]}
b6 {[%clk 0:58:00]} 14. Nc4 {[%clk 1:23:00]} Ba6 {[%clk 0:58:00]} 15. Bf4 {[%clk
1:21:00]} Bxc4 {[%clk 0:57:00]} 16. Bxc4 {[%clk 1:22:00]} a6 {[%clk 0:57:00]} 17.
Qe2 {[%clk 1:21:00]} g5 {[%clk 0:56:00]} 18. Bg3 {[%clk 1:21:00]} Ne5 {[%clk
0:50:00]} 19. Bxe5 {[%clk 1:20:00]} Bxe5 {[%clk 0:49:00]} 20. Ra3 {[%clk
1:07:00]} Qf6 {[%clk 0:41:00]} 21. Nd1 {[%clk 0:56:00]} Qh6 {[%clk 0:39:00]} 22.
h3 {[%clk 0:55:00]} Rab8 {[%clk 0:27:00]} 23. Ne3 {[%clk 0:54:00]} b5 {[%clk
0:26:00]} 24. Ng4 {[%clk 0:53:00]} Qg7 {[%clk 0:27:00]} 25. Nxe5 {[%clk 0:53:00]}
Qxe5 {[%clk 0:27:00]} 26. axb5 {[%clk 0:48:00]} axb5 {[%clk 0:27:00]} 27. Bd3
{[%clk 0:47:00]} c4 {[%clk 0:27:00]} 28. Bb1 {[%clk 0:46:00]} Nxd5 {[%clk
0:26:00]} 29. Qd2 {[%clk 0:45:00]} Nf4 {[%clk 0:26:00]} 30. Ra6 {[%clk 0:44:00]}
Rfd8 {[%clk 0:25:00]} 31. Rd1 {[%clk 0:34:00]} d5 {[%clk 0:23:00]} 32. exd5
{[%clk 0:34:00]} Rxd5 {[%clk 0:23:00]} 33. Qc2 {[%clk 0:35:00]} Rxd1+ {[%clk
0:24:00]} 34. Qxd1 {[%clk 0:35:00]} Qxb2 {[%clk 0:23:00]} 35. Ra2 {[%clk
0:32:00]} Qe5 {[%clk 0:22:00]} 36. Qc2 {[%clk 0:31:00]} Qe1+ {[%clk 0:22:00]} 37.
Kh2 {[%clk 0:32:00]} Nd3 {[%clk 0:23:00]} 38. Ra3 {[%clk 0:30:00]} Re8 {[%clk
0:21:00]} 39. Rxd3 {[%clk 0:30:00]} cxd3 {[%clk 0:21:00]} 40. Qxd3 {[%clk
0:30:00]} Qe5+ {[%clk 0:21:00]} 41. Kh1 {[%clk 0:30:00]} f5 {[%clk 0:21:00]} 42.
Qb3+ {[%clk 0:29:00]} Kh8 {[%clk 0:20:00]} 43. Qf7 {[%clk 0:24:00]} Qe6 {[%clk
0:20:00]} 44. Qh5 {[%clk 0:24:00]} Qe1+ {[%clk 0:19:57]} 45. Kh2 {[%clk 0:24:00]}
Qe5+ {[%clk 0:20:00]} 46. Kh1 {[%clk 0:24:00]} Rc8 {[%clk 0:20:00]} 47. Qxg5
{[%clk 0:24:00]} Rg8 {[%clk 0:19:30]} 48. Qd2 {[%clk 0:23:00]} Re8 {[%clk
0:18:15]} 49. Qc2 {[%clk 0:23:00]} b4 {[%clk 0:16:51]} 50. Ba2 {[%clk 0:19:34]}
f4 {[%clk 0:16:04]} 51. Kh2 {[%clk 0:19:15]} Qg7 {[%clk 0:14:07]} 52. Bc4 {[%clk
0:16:37]} Rc8 {[%clk 0:11:44]} 53. Qb3 {[%clk 0:16:05]} Qc3 {[%clk 0:11:52]} 54.
Qd1 {[%clk 0:13:34]} Qxc4 {[%clk 0:11:49]} 55. Qd6 {[%clk 0:13:35]} Qc3 {[%clk
0:12:04]} 56. Qxf4 {[%clk 0:13:25]} Qc7 {[%clk 0:12:04]} 0-1

[Event "Campeonato España Sub 12"]
[Site "Salobreña"]
[Date "2017.07.12"]
[Round "5"]
[White "Reyes Penas, Sebastian"]
[Black "Luque Saiz, Andres"]
[Result "1-0"]
[Board "3"]
[WhiteClock "1:30"]
[WhiteElo "1940"]
[WhiteCountry "ESP"]
[WhiteFideId "32035780"]
[WhiteEloChange "7"]
[BlackClock "1:30"]
[BlackElo "1821"]
[BlackCountry "ESP"]
[BlackFideId "24510793"]
[BlackEloChange "-7"]

1. e4 {[%clk 1:30:00]} d5 {[%clk 1:30:00]} 2. exd5 {[%clk 1:31:00]} Qxd5 {[%clk
1:30:00]} 3. Nc3 {[%clk 1:31:00]} Qa5 {[%clk 1:30:00]} 4. d4 {[%clk 1:32:00]} Nf6
{[%clk 1:30:00]} 5. Bc4 {[%clk 1:31:00]} c6 {[%clk 1:31:00]} 6. Bd2 {[%clk
1:31:00]} Qc7 {[%clk 1:30:00]} 7. Nf3 {[%clk 1:31:00]} Bf5 {[%clk 1:30:00]} 8.
Ne5 {[%clk 1:31:00]} e6 {[%clk 1:30:00]} 9. g4 {[%clk 1:30:00]} Bg6 {[%clk
1:28:00]} 10. h4 {[%clk 1:30:00]} Nbd7 {[%clk 1:26:00]} 11. Qe2 {[%clk 1:25:00]}
Nxe5 {[%clk 1:12:00]} 12. dxe5 {[%clk 1:25:00]} Nxg4 {[%clk 0:58:00]} 13. Qxg4
{[%clk 1:25:00]} Qxe5+ {[%clk 0:58:00]} 14. Qe2 {[%clk 1:25:00]} Qxe2+ {[%clk
0:57:00]} 15. Kxe2 {[%clk 1:26:00]} Bxc2 {[%clk 0:57:00]} 16. Rac1 {[%clk
1:25:00]} Bf5 {[%clk 0:57:00]} 17. Bd3 {[%clk 1:25:00]} Bg6 {[%clk 0:56:00]} 18.
h5 {[%clk 1:26:00]} Bxd3+ {[%clk 0:56:00]} 19. Kxd3 {[%clk 1:26:00]} O-O-O+
{[%clk 0:56:00]} 20. Ke2 {[%clk 1:26:00]} Bb4 {[%clk 0:55:00]} 21. a3 {[%clk
1:26:00]} Ba5 {[%clk 0:55:00]} 22. Bf4 {[%clk 1:26:00]} e5 {[%clk 0:55:00]} 23.
Be3 {[%clk 1:26:00]} Kb8 {[%clk 0:52:00]} 24. b4 {[%clk 1:25:00]} Bb6 {[%clk
0:48:00]} 25. Bxb6 {[%clk 1:24:00]} axb6 {[%clk 0:49:00]} 26. Rcd1 {[%clk
1:25:00]} Rd4 {[%clk 0:47:00]} 27. Rxd4 {[%clk 1:24:00]} exd4 {[%clk 0:47:00]}
28. Ne4 {[%clk 1:23:00]} f5 {[%clk 0:46:00]} 29. Nd6 {[%clk 1:23:00]} Rf8 {[%clk
0:45:00]} 30. Rc1 {[%clk 1:23:00]} Kc7 {[%clk 0:45:00]} 31. Nb5+ {[%clk 1:24:00]}
Kd7 {[%clk 0:44:00]} 32. Nxd4 {[%clk 1:24:00]} g6 {[%clk 0:44:00]} 33. hxg6
{[%clk 1:24:00]} hxg6 {[%clk 0:43:00]} 34. Rh1 {[%clk 1:24:00]} Rf7 {[%clk
0:42:00]} 35. Rh6 {[%clk 1:25:00]} Rg7 {[%clk 0:42:00]} 36. Kf3 {[%clk 1:23:00]}
c5 {[%clk 0:42:00]} 37. Ne2 {[%clk 1:23:00]} Kd6 {[%clk 0:38:00]} 38. Nf4 {[%clk
1:23:00]} Ke5 {[%clk 0:37:00]} 39. Ke3 {[%clk 1:23:00]} Kf6 {[%clk 0:37:00]} 40.
Nh5+ {[%clk 1:23:00]} 1-0

[Event "Campeonato España Sub 12"]
[Site "Salobreña"]
[Date "2017.07.12"]
[Round "5"]
[White "Lopez Varela, Pablo"]
[Black "Zhou, Lulu"]
[Result "0-1"]
[Board "4"]
[WhiteClock "1:30"]
[WhiteElo "1724"]
[WhiteCountry "ESP"]
[WhiteFideId "32092105"]
[WhiteEloChange "-4"]
[BlackClock "1:30"]
[BlackElo "1964"]
[BlackCountry "ESP"]
[BlackFideId "24540943"]
[BlackEloChange "4"]

1. e4 {[%clk 1:30:00]} e5 {[%clk 1:30:00]} 2. Nf3 {[%clk 1:31:00]} Nc6 {[%clk
1:31:00]} 3. Bb5 {[%clk 1:31:00]} a6 {[%clk 1:31:00]} 4. Ba4 {[%clk 1:32:00]} Nf6
{[%clk 1:32:00]} 5. d3 {[%clk 1:32:00]} b5 {[%clk 1:32:00]} 6. Bb3 {[%clk
1:32:00]} Be7 {[%clk 1:32:00]} 7. c3 {[%clk 1:31:00]} d6 {[%clk 1:32:00]} 8. Nbd2
{[%clk 1:31:00]} O-O {[%clk 1:33:00]} 9. Nf1 {[%clk 1:30:00]} Na5 {[%clk
1:19:00]} 10. Bc2 {[%clk 1:30:00]} c5 {[%clk 1:20:00]} 11. Ne3 {[%clk 1:28:00]}
Nc6 {[%clk 1:19:00]} 12. O-O {[%clk 1:27:00]} d5 {[%clk 1:19:00]} 13. Re1 {[%clk
1:24:00]} d4 {[%clk 1:14:00]} 14. Nf1 {[%clk 1:19:00]} Re8 {[%clk 1:12:00]} 15.
a4 {[%clk 1:18:00]} Bd7 {[%clk 1:09:00]} 16. Bb3 {[%clk 1:14:00]} Bf8 {[%clk
1:03:00]} 17. cxd4 {[%clk 1:04:00]} Nxd4 {[%clk 1:02:00]} 18. Nxd4 {[%clk
1:04:00]} cxd4 {[%clk 1:02:00]} 19. Bd2 {[%clk 1:03:00]} Bg4 {[%clk 0:59:00]} 20.
f3 {[%clk 1:01:00]} Be6 {[%clk 0:59:00]} 21. a5 {[%clk 0:56:00]} Rc8 {[%clk
0:51:00]} 22. Re2 {[%clk 0:53:00]} Nd7 {[%clk 0:47:00]} 23. Be1 {[%clk 0:50:00]}
Bxb3 {[%clk 0:36:00]} 24. Qxb3 {[%clk 0:51:00]} Nc5 {[%clk 0:35:00]} 25. Qd1
{[%clk 0:50:00]} Ne6 {[%clk 0:35:00]} 26. Rc2 {[%clk 0:48:00]} Qd7 {[%clk
0:30:00]} 27. Rac1 {[%clk 0:45:00]} Nf4 {[%clk 0:25:00]} 28. Ng3 {[%clk 0:41:00]}
g6 {[%clk 0:25:00]} 29. Ne2 {[%clk 0:37:00]} Ne6 {[%clk 0:21:00]} 30. Bd2 {[%clk
0:33:00]} Nc5 {[%clk 0:19:13]} 31. Be1 {[%clk 0:23:00]} Nb7 {[%clk 0:16:16]} 32.
Kf1 {[%clk 0:19:30]} b4 {[%clk 0:15:00]} 33. Rxc8 {[%clk 0:13:42]} Rxc8 {[%clk
0:15:16]} 34. Rxc8 {[%clk 0:14:06]} Qxc8 {[%clk 0:15:48]} 35. Qc1 {[%clk
0:14:20]} Qxc1 {[%clk 0:13:26]} 36. Nxc1 {[%clk 0:14:40]} Nxa5 {[%clk 0:13:54]}
37. Na2 {[%clk 0:13:11]} Nc6 {[%clk 0:14:12]} 38. Ke2 {[%clk 0:11:52]} a5 {[%clk
0:14:39]} 39. Nc1 {[%clk 0:09:55]} a4 {[%clk 0:14:51]} 40. Kd1 {[%clk 0:09:25]}
f6 {[%clk 0:15:13]} 41. b3 {[%clk 0:08:58]} a3 {[%clk 0:15:38]} 42. Na2 {[%clk
0:09:03]} Kf7 {[%clk 0:16:03]} 43. Kc2 {[%clk 0:07:53]} Ke6 {[%clk 0:16:28]} 44.
Bd2 {[%clk 0:08:16]} Kd7 {[%clk 0:16:43]} 45. Bc1 {[%clk 0:07:50]} f5 {[%clk
0:16:30]} 46. Bd2 {[%clk 0:07:09]} Ke6 {[%clk 0:15:56]} 47. Nc1 {[%clk 0:07:19]}
Kd6 {[%clk 0:14:15]} 48. Kb1 {[%clk 0:07:25]} Kc5 {[%clk 0:14:33]} 49. Ne2 {[%clk
0:07:20]} fxe4 {[%clk 0:14:28]} 50. fxe4 {[%clk 0:07:31]} Na7 {[%clk 0:14:27]}
51. Kc2 {[%clk 0:07:00]} Nb5 {[%clk 0:14:44]} 52. Kb1 {[%clk 0:05:49]} Nc3+
{[%clk 0:15:04]} 53. Nxc3 {[%clk 0:05:22]} dxc3 {[%clk 0:15:14]} 54. Be3+ {[%clk
0:05:42]} Kc6 {[%clk 0:15:34]} 55. d4 {[%clk 0:05:51]} exd4 {[%clk 0:15:05]} 56.
Bxd4 {[%clk 0:06:16]} Bc5 {[%clk 0:14:35]} 57. Bf6 {[%clk 0:05:53]} Kd7 {[%clk
0:13:18]} 58. g4 {[%clk 0:05:49]} Ke6 {[%clk 0:13:37]} 59. g5 {[%clk 0:06:00]}
Be7 {[%clk 0:13:34]} 60. Bd4 {[%clk 0:06:24]} Bxg5 {[%clk 0:12:54]} 61. Bc5
{[%clk 0:06:43]} a2+ {[%clk 0:13:07]} 62. Kxa2 {[%clk 0:07:03]} c2 {[%clk
0:13:07]} 0-1

[Event "Campeonato España Sub 12"]
[Site "Salobreña"]
[Date "2017.07.12"]
[Round "5"]
[White "Garcia Molina, Jose"]
[Black "Villalba Embid, Marcos"]
[Result "0-1"]
[Board "5"]
[WhiteClock "1:30"]
[WhiteElo "1657"]
[WhiteCountry "ESP"]
[WhiteFideId "32030592"]
[WhiteEloChange "-5"]
[BlackClock "1:30"]
[BlackElo "1868"]
[BlackCountry "ESP"]
[BlackFideId "24505277"]
[BlackEloChange "5"]

1. d4 {[%clk 1:30:00]} Nf6 {[%clk 1:30:00]} 2. c4 {[%clk 1:31:00]} g6 {[%clk
1:31:00]} 3. f3 {[%clk 1:31:00]} Bg7 {[%clk 1:31:00]} 4. e4 {[%clk 1:31:00]} d6
{[%clk 1:31:00]} 5. Ne2 {[%clk 1:31:00]} O-O {[%clk 1:32:00]} 6. Be3 {[%clk
1:30:00]} e5 {[%clk 1:32:00]} 7. Nbc3 {[%clk 1:27:00]} c6 {[%clk 1:31:00]} 8. Qd2
{[%clk 1:26:00]} Nbd7 {[%clk 1:31:00]} 9. O-O-O {[%clk 1:23:00]} a6 {[%clk
1:30:00]} 10. d5 {[%clk 1:17:00]} c5 {[%clk 1:27:00]} 11. g4 {[%clk 1:10:00]} Qa5
{[%clk 1:24:00]} 12. Kb1 {[%clk 1:08:00]} b5 {[%clk 1:22:00]} 13. Ng3 {[%clk
1:06:00]} Nb6 {[%clk 1:17:00]} 14. Bd3 {[%clk 0:58:00]} Nxc4 {[%clk 1:08:00]} 15.
Bxc4 {[%clk 0:58:00]} bxc4 {[%clk 1:08:00]} 16. Qc2 {[%clk 0:49:00]} Rb8 {[%clk
1:05:00]} 17. Bd2 {[%clk 0:43:00]} Bd7 {[%clk 1:02:00]} 18. h4 {[%clk 0:40:00]}
Rb7 {[%clk 0:55:00]} 19. Nce2 {[%clk 0:35:00]} Qb6 {[%clk 0:54:00]} 20. Bc3
{[%clk 0:35:00]} Rfb8 {[%clk 0:52:00]} 21. g5 {[%clk 0:29:00]} Ne8 {[%clk
0:51:00]} 22. h5 {[%clk 0:27:00]} Nc7 {[%clk 0:50:00]} 23. Rd2 {[%clk 0:27:00]}
Nb5 {[%clk 0:50:00]} 24. Ka1 {[%clk 0:24:00]} Qc7 {[%clk 0:48:00]} 25. hxg6
{[%clk 0:21:00]} hxg6 {[%clk 0:47:00]} 26. Nf1 {[%clk 0:15:07]} Nd4 {[%clk
0:47:00]} 27. Qc1 {[%clk 0:12:26]} a5 {[%clk 0:40:00]} 28. Ne3 {[%clk 0:12:33]}
Bb5 {[%clk 0:40:00]} 29. Rh3 {[%clk 0:11:12]} a4 {[%clk 0:39:00]} 30. Qh1 {[%clk
0:09:58]} Ra7 {[%clk 0:36:00]} 31. Nxd4 {[%clk 0:10:19]} exd4 {[%clk 0:36:00]}
32. Rdh2 {[%clk 0:10:47]} Kf8 {[%clk 0:35:00]} 33. Nf5 {[%clk 0:09:31]} gxf5
{[%clk 0:31:00]} 34. exf5 {[%clk 0:10:00]} Ke8 {[%clk 0:30:00]} 35. Rh8+ {[%clk
0:09:28]} Bxh8 {[%clk 0:29:00]} 36. Rxh8+ {[%clk 0:09:13]} Kd7 {[%clk 0:29:00]}
37. Rh7 {[%clk 0:09:28]} Kc8 {[%clk 0:21:00]} 38. g6 {[%clk 0:09:48]} dxc3 {[%clk
0:21:00]} 39. Rxf7 {[%clk 0:08:42]} cxb2+ {[%clk 0:21:00]} 40. Kxb2 {[%clk
0:09:02]} Be8+ {[%clk 0:21:00]} 0-1

[Event "Campeonato España Sub 12"]
[Site "Salobreña"]
[Date "2017.07.12"]
[Round "5"]
[White "Reguillaga Elias, Manex"]
[Black "Badillo Ramos, Steve"]
[Result "0-1"]
[Board "6"]
[WhiteClock "1:30"]
[WhiteElo "1817"]
[WhiteCountry "ESP"]
[WhiteFideId "24516341"]
[WhiteEloChange "-10"]
[BlackClock "1:30"]
[BlackElo "1802"]
[BlackCountry "ESP"]
[BlackFideId "24526150"]
[BlackEloChange "10"]

1. d4 {[%clk 1:30:00]} d5 {[%clk 1:30:00]} 2. c4 {[%clk 1:31:00]} c6 {[%clk
1:31:00]} 3. Nc3 {[%clk 1:31:00]} Nf6 {[%clk 1:31:00]} 4. Nf3 {[%clk 1:31:00]} e6
{[%clk 1:31:00]} 5. Bg5 {[%clk 1:32:00]} h6 {[%clk 1:31:00]} 6. Bh4 {[%clk
1:32:00]} dxc4 {[%clk 1:31:00]} 7. a4 {[%clk 1:32:00]} g5 {[%clk 1:31:00]} 8. Bg3
{[%clk 1:32:00]} Bb4 {[%clk 1:31:00]} 9. e3 {[%clk 1:30:00]} b5 {[%clk 1:30:00]}
10. axb5 {[%clk 1:26:00]} cxb5 {[%clk 1:29:00]} 11. Bxb8 {[%clk 1:20:00]} Rxb8
{[%clk 1:29:00]} 12. Rxa7 {[%clk 1:20:00]} Nd5 {[%clk 1:13:00]} 13. Qa1 {[%clk
1:12:00]} Qb6 {[%clk 1:14:00]} 14. g3 {[%clk 1:10:00]} Nxc3 {[%clk 1:14:00]} 15.
bxc3 {[%clk 1:09:00]} Bxc3+ {[%clk 1:14:00]} 16. Qxc3 {[%clk 1:09:00]} Qxa7
{[%clk 1:15:00]} 17. Bg2 {[%clk 1:08:00]} f6 {[%clk 1:13:00]} 18. O-O {[%clk
1:07:00]} O-O {[%clk 1:13:00]} 19. Ra1 {[%clk 1:07:00]} Qc7 {[%clk 1:13:00]} 20.
Qb4 {[%clk 1:01:00]} Bb7 {[%clk 1:12:00]} 21. Qb1 {[%clk 0:51:00]} f5 {[%clk
1:11:00]} 22. Ra2 {[%clk 0:44:00]} c3 {[%clk 1:10:00]} 23. Ne5 {[%clk 0:44:00]}
Bxg2 {[%clk 1:09:00]} 24. Kxg2 {[%clk 0:44:00]} b4 {[%clk 1:09:00]} 25. Qb3
{[%clk 0:37:00]} Qb7+ {[%clk 1:09:00]} 26. f3 {[%clk 0:33:00]} Qd5 {[%clk
1:10:00]} 27. Nc4 {[%clk 0:32:00]} Rfc8 {[%clk 1:10:00]} 28. Ra7 {[%clk 0:33:00]}
Qxc4 {[%clk 1:10:00]} 29. Qa4 {[%clk 0:33:00]} Qe2+ {[%clk 1:10:00]} 30. Kg1
{[%clk 0:33:00]} c2 {[%clk 1:10:00]} 31. Rg7+ {[%clk 0:33:00]} Kxg7 {[%clk
1:10:00]} 32. Qd7+ {[%clk 0:32:00]} Kh8 {[%clk 1:10:00]} 0-1